Famous Footballers by Club - Statistics

General Stats
  • This quiz has been taken 466 times
  • The average score is 16 of 27
Answer Stats
Footballer Club % Correct
David Beckham Manchester United
97%
Steven Gerrard Liverpool
96%
Zinedine Zidane Real Madrid
96%
Lionel Messi Barcelona
94%
Dennis Bergkamp Arsenal
87%
Andriy Shevchenko AC Milan
84%
Zlatan Ibrahimovic Paris Saint-Germain
83%
Johan Cruyff Ajax
82%
Javier Zanetti Inter Milan
80%
Roberto Baggio Juventus
78%
Diego Maradona Napoli
78%
Francesco Totti Roma
78%
Franz Beckenbauer Bayern Munich
76%
Fernando Torres Atletico Madrid
75%
Carlos Tevez Manchester City
74%
Pele Santos
72%
Tim Howard Everton
65%
Eusebio Benfica
62%
Miroslav Klose Lazio
48%
Gary Lineker Leicester City
42%
Romario PSV Eindhoven
25%
Zico Flamengo
23%
Davor Sukor Sevilla
15%
Garrincha Botafogo
9%
Michel Platini Nancy
8%
Jurgen Klinnsman Stuttgart
8%
Hakan Sukur Galatasary
6%
No matching quizzes found
Score Distribution
Percent of People with Each Score
Percentile by Number Answered
Your Score History
You have not taken this quiz